| 000 | 00698nam a2200217 a 4500 | ||
|---|---|---|---|
| 001 | 19836 | ||
| 003 | CO-ViMGA | ||
| 008 | 141112s2004 ck r 000 u spa d | ||
| 020 | _a025202088X | ||
| 040 |
_aCO-ViMGA _bspa _cCO-ViMGA |
||
| 082 | 0 | 4 | _a320.973 M174p |
| 100 | 1 |
_aMathews, David _928757 |
|
| 245 | 1 | 0 | _aPolítica para la gente |
| 260 |
_aMedellín : _bBiblioteca Jurídica Dike, _cFundacion Kettering 2003 |
||
| 300 | _a348 p. | ||
| 590 | _aForma de adquisición : Premio Mincultura - - Ejemplares : 2 | ||
| 650 | 1 | 4 |
_aDEMOCRACIA EN América _928758 |
| 650 | 1 | 4 |
_aESTADOS UNIDOS - Política Y GOBIERNO _913931 |
| 650 | 1 | 4 |
_aSOCIOLOGIA Política - ESTADOS UNIDOS _928759 |
| 942 |
_2ddc _cBK |
||
| 999 |
_c28963 _d28963 |
||